[Event "PNWCC Masters 2020"]
[Site "chess.com INT"]
[Date "2020.05.23"]
[Round "2.26"]
[White "He, Anthony"]
[Black "Hoesley, Aria"]
[Result "1-0"]
[WhiteTitle "FM"]
[WhiteElo "2337"]
[BlackElo "1885"]
[WhiteFideId "2088215"]
[BlackFideId "30918669"]
[EventDate "2020.05.23"]

1. Nf3 d6 2. d4 g6 3. g3 Bg7 4. Bg2 f5 5. c4 Nf6 6. O-O O-O 7. Nc3 c6 8. b3 Qe8
9. Ba3 h6 10. Qc2 Na6 11. Rfe1 Qf7 12. Rad1 Nc7 13. h3 Kh8 14. e4 fxe4 15. Nxe4
Bf5 16. Nh4 Ne6 17. Nxf5 gxf5 18. Nxf6 Bxf6 19. Bb2 Ng7 20. Bc1 Qg6 21. b4 Rac8
22. a4 Rc7 23. a5 Re8 24. a6 b6 25. Qd3 Kh7 26. c5 bxc5 27. bxc5 d5 28. Bf4 Rcc8
29. Rb1 Nh5 30. Be5 Ra8 31. Rb7 Ng7 32. Qe3 Bg5 33. Bf4 Bf6 34. Bf1 Kh8 35. Bd3
Kh7 36. Bc2 Rec8 37. Ba4 h5 38. Kh2 Kh8 39. h4 e6 40. f3 Kg8 41. Bc7 Kh8 42.
Bxc6 Bd8 43. Be5 Rxc6 44. Rxg7 Qxg7 45. Qh6+ 1-0

[Event "PNWCC Masters 2020"]
[Site "chess.com INT"]
[Date "2020.05.23"]
[Round "2.27"]
[White "Bian, Erin"]
[Black "Watson, John"]
[Result "1-0"]
[BlackTitle "IM"]
[WhiteElo "1485"]
[BlackElo "2178"]
[WhiteFideId "30966043"]
[BlackFideId "2000768"]
[EventDate "2020.05.23"]

1. e4 e6 2. d4 d5 3. Nc3 Bb4 4. e5 c5 5. a3 Ba5 6. f4 cxd4 7. Qxd4 Nc6 8. Bb5
Ne7 9. Nf3 O-O 10. Qd3 a6 11. Bxc6 bxc6 12. Ng5 g6 13. Qh3 h5 14. g4 Kg7 15. b4
Bb6 16. Ne2 Rh8 17. f5 exf5 18. e6 hxg4 19. Bb2+ f6 20. Qd3 Qc7 21. O-O-O Rh5
22. h4 gxh3 23. Nxh3 d4 24. Bxd4 Nd5 25. c4 Bxe6 26. cxd5 Bxd5 27. Bxb6 Qxb6 28.
Nef4 Rh4 29. Rhg1 Rh6 30. Rde1 Ra7 31. Qxf5 Bf7 32. Qd3 c5 33. Qd2 Rc7 34. Kb1
a5 35. Re4 axb4 36. axb4 c4 37. Qc3 Ra7 38. Rd1 Qa6 39. Rd2 Qa4 40. Nf2 Rb7 41.
Nd5 Bxd5 42. Rxd5 Rxb4+ 43. Kc1 Kf7 44. Red4 Rb7 45. Rxc4 Qe8 46. Rc7+ Rxc7 47.
Qxc7+ Kg8 48. Qc3 Qe6 49. Rd8+ Kf7 50. Qc7+ Qe7 51. Rd7 Qxd7 52. Qxd7+ Kg8 53.
Qe8+ 1-0

[Event "PNWCC Masters 2020"]
[Site "chess.com INT"]
[Date "2020.05.23"]
[Round "2.28"]
[White "Liu, Erik"]
[Black "Chen, Ryo"]
[Result "0-1"]
[WhiteElo "1615"]
[BlackElo "2085"]
[WhiteFideId "30960940"]
[BlackFideId "7003072"]
[EventDate "2020.05.23"]

1. d4 Nf6 2. c4 g6 3. Nc3 Bg7 4. e4 d6 5. Bd3 O-O 6. Nge2 Nc6 7. O-O e5 8. d5
Nd4 9. Nxd4 exd4 10. Ne2 Re8 11. f3 c5 12. a3 Qe7 13. Ng3 Bd7 14. b4 b6 15. bxc5
bxc5 16. Rb1 Reb8 17. Bd2 h5 18. Rb3 Qd8 19. Bf4 Ne8 20. Bd2 Rxb3 21. Qxb3 Rb8
22. Qc2 Qb6 23. Rb1 Qxb1+ 24. Qxb1 Rxb1+ 25. Bxb1 Nc7 26. Ba5 Na8 27. Kf2 Bh6
28. Ne2 Be3+ 29. Kg3 Kf8 30. h3 Ke7 31. f4 Nb6 32. Bxb6 axb6 33. Bd3 Kf6 34. Kf3
h4 35. g4 g5 36. f5 Ba4 37. Kg2 Bd2 38. Kf2 Bd1 39. Bb1 Bc3 40. Nc1 Bb2 41. Nd3
Bxa3 42. Ne1 Bb3 43. Bd3 Bc1 44. Nf3 Bf4 45. Ke2 Ke7 46. Ke1 f6 47. Nd2 Ba4 48.
Nb1 Bc1 49. Ke2 Kd7 50. Nd2 Kc7 51. e5 Bxd2 52. exf6 Kd8 53. Kxd2 Ke8 54. Ke2
Kf7 55. Kf3 Kxf6 56. Ke4 Bb3 57. Be2 Bc2+ 58. Bd3 Bd1 59. Bf1 Bb3 60. Bd3 Ke7
61. Be2 Kd7 62. Bd3 b5 63. cxb5 c4 64. f6 cxd3 65. f7 Ke7 66. b6 d2 67. b7 Bc2+
68. Kxd4 d1=Q+ 69. Kc4 Qb1 0-1

[Event "PNWCC Masters 2020"]
[Site "chess.com INT"]
[Date "2020.05.23"]
[Round "2.30"]
[White "Green, Austen"]
[Black "Ho, Cooper"]
[Result "1-0"]
[WhiteElo "2126"]
[BlackElo "1663"]
[WhiteFideId "2017865"]
[BlackFideId "30964610"]
[EventDate "2020.05.23"]

1. e4 e5 2. Nf3 Nc6 3. d4 exd4 4. Nxd4 Qf6 5. Nxc6 Bc5 6. Qf3 Qxf3 7. gxf3 dxc6
8. Rg1 g6 9. Bd2 Ne7 10. Bc3 Rf8 11. Nd2 Be6 12. Nb3 Bb6 13. Bg7 Rg8 14. Bf6 a5
15. a4 Rd8 16. c4 c5 17. f4 Bd7 18. Rg5 Be6 19. Nxc5 Bxc5 20. Rxc5 c6 21. Rxa5
Rb8 22. O-O-O Rc8 23. Re5 c5 24. Re1 Nc6 25. Rxc5 b6 26. Rb5 Na5 27. b3 Rc6 28.
Bd4 Nxc4 29. bxc4 Bxc4 30. Rxb6 Bxf1+ 31. Rxc6 1-0

[Event "PNWCC Masters 2020"]
[Site "chess.com INT"]
[Date "2020.05.23"]
[Round "2.33"]
[White "Yan, Ruiyang"]
[Black "Samant, Neil"]
[Result "1-0"]
[WhiteTitle "WCM"]
[WhiteElo "2093"]
[BlackElo "1764"]
[WhiteFideId "30919860"]
[BlackFideId "30951860"]
[EventDate "2020.05.23"]

1. e4 c5 2. Nf3 d6 3. d4 cxd4 4. Nxd4 Nf6 5. Nc3 a6 6. Be2 e5 7. Nb3 Be7 8. O-O
O-O 9. a4 Nc6 10. Bf3 Be6 11. Re1 Nb4 12. Nd5 Nbxd5 13. exd5 Bf5 14. c4 Rc8 15.
Be2 Nd7 16. Be3 Bg5 17. Rc1 Bxe3 18. fxe3 Qg5 19. Bf1 Bg4 20. Qd2 f5 21. Kh1 Nf6
22. Bd3 Kh8 23. Rf1 Nd7 24. Na5 b6 25. Nc6 Nb8 26. Nxb8 Rxb8 27. b4 e4 28. Be2
Bxe2 29. Qxe2 Qe7 30. g3 Qd7 31. Qa2 a5 32. c5 bxc5 33. bxc5 dxc5 34. Rxc5 Rb4
35. Rxa5 Rfb8 36. Qc2 g6 37. Rc5 Qxa4 38. Qc3+ Kg8 39. Rc7 Rd4 40. Qxd4 1-0

[Event "PNWCC Masters 2020"]
[Site "chess.com INT"]
[Date "2020.05.23"]
[Round "2.34"]
[White "Vega, Isaac"]
[Black "Wang, Alex Yuxuan"]
[Result "1-0"]
[WhiteElo "1735"]
[BlackElo "1983"]
[WhiteFideId "30914035"]
[BlackFideId "30943876"]
[EventDate "2020.05.23"]

1. e4 c5 2. Nc3 Nc6 3. f4 d6 4. Nf3 g6 5. Bb5 Bg7 6. Bxc6+ bxc6 7. O-O e6 8. e5
d5 9. d3 Ne7 10. b3 O-O 11. Na4 c4 12. dxc4 dxc4 13. Ba3 Qc7 14. Qe1 Re8 15. Bd6
Qb7 16. g4 a5 17. Qh4 cxb3 18. axb3 c5 19. Nxc5 Qb6 20. Ng5 h6 21. Ne4 Nd5 22.
c4 Ne3 23. Rf3 Nc2 24. Ra2 Bb7 25. Kg2 Nb4 26. Re2 Bxe4 27. Nxe4 Qd8 28. g5 h5
29. Rh3 Nc6 30. Ng3 Bf8 31. c5 1-0

[Event "PNWCC Masters 2020"]
[Site "chess.com INT"]
[Date "2020.05.23"]
[Round "2.36"]
[White "Rao, Anjaneya"]
[Black "Lu, Jason"]
[Result "1-0"]
[WhiteElo "1814"]
[BlackElo "2024"]
[WhiteFideId "30954770"]
[BlackFideId "30938040"]
[EventDate "2020.05.23"]

1. e4 c5 2. Nf3 d6 3. d4 cxd4 4. Nxd4 Nf6 5. Nc3 a6 6. Be3 e6 7. a4 Qc7 8. Be2
b6 9. f4 Bb7 10. Bf3 Nbd7 11. O-O Nc5 12. e5 dxe5 13. fxe5 Qxe5 14. Re1 Qc7 15.
Bxb7 Qxb7 16. Nf5 Nce4 17. Nxe4 Nxe4 18. Qf3 O-O-O 19. Red1 Nd6 20. Nxd6+ Bxd6
21. Qf2 Bc7 22. g3 f6 23. Rd3 Rxd3 24. cxd3 Rd8 25. Rc1 Kb8 26. Qc2 Rd7 27. Qc6
Rxd3 28. Qxe6 Qd5 29. Qe8+ Kb7 30. Rxc7+ Kxc7 31. Bf4+ Kb7 32. Qb8+ Kc6 33. Qc8# 1-0

[Event "PNWCC Masters 2020"]
[Site "chess.com INT"]
[Date "2020.05.23"]
[Round "2.37"]
[White "Zheng, Michael"]
[Black "Tu, Lawrence"]
[Result "1-0"]
[WhiteElo "2050"]
[BlackElo "1554"]
[WhiteFideId "30930308"]
[BlackFideId "30935407"]
[EventDate "2020.05.23"]

1. e4 c5 2. Nf3 d6 3. d4 cxd4 4. Nxd4 Nf6 5. Nc3 a6 6. Be2 e5 7. Nb3 Be6 8. f4
Qc7 9. f5 Bc4 10. g4 h6 11. Be3 Be7 12. h4 Nbd7 13. Qd2 b5 14. Bf3 Rc8 15. g5
hxg5 16. hxg5 Rxh1+ 17. Bxh1 Nh5 18. O-O-O b4 19. Nd5 Bxd5 20. exd5 Nb6 21. Na5
Nc4 22. Nxc4 Qxc4 23. Kb1 a5 24. Bf3 Nf4 25. Bxf4 exf4 26. Re1 Kd8 27. Be2 Qc5
28. g6 fxg6 29. fxg6 Bf6 30. Bg4 Rc7 31. Qh2 Re7 32. Qh8+ Kc7 33. Rxe7+ Bxe7 34.
Qc8+ Kb6 35. Qb8+ Ka6 36. Be2+ 1-0

[Event "PNWCC Masters 2020"]
[Site "chess.com INT"]
[Date "2020.05.23"]
[Round "2.38"]
[White "Woodward, Andy"]
[Black "Chang, Eddie"]
[Result "1-0"]
[WhiteElo "1856"]
[BlackElo "1667"]
[WhiteFideId "30953499"]
[BlackFideId "30960932"]
[EventDate "2020.05.23"]

1. d4 Nf6 2. c4 g6 3. g3 Bg7 4. Bg2 d5 5. Nc3 dxc4 6. Qa4+ Nfd7 7. e3 O-O 8.
Qxc4 Nb6 9. Qe2 c5 10. Nf3 Nc6 11. O-O Be6 12. Rd1 cxd4 13. Nxd4 Nxd4 14. exd4
Nd5 15. Bg5 h6 16. Bxd5 Bxd5 17. Bxe7 Re8 18. Bxd8 Rxe2 19. Nxe2 Rxd8 20. Nc3
Bc4 21. d5 Bxc3 22. bxc3 Rxd5 23. Rd4 b5 24. Rxd5 Bxd5 25. a4 a6 26. axb5 axb5
27. f4 Kg7 28. Kf2 Kf6 29. g4 h5 30. Ra6+ Kg7 31. h3 hxg4 32. hxg4 Be6 33. g5
Bc4 34. Ra7 Kf8 35. Ke3 Ke8 36. Kd4 Kd8 37. Kc5 Bf1 38. Rxf7 Bd3 39. Kd4 Bc2 40.
Rb7 Ba4 41. Rb6 Bc2 42. Rxb5 Kc7 43. c4 Bd1 44. Ke5 Be2 45. Kf6 Bd3 46. Rd5 Be4
47. Re5 Bd3 48. f5 gxf5 49. g6 1-0

[Event "PNWCC Masters 2020"]
[Site "chess.com INT"]
[Date "2020.05.23"]
[Round "2.39"]
[White "Kondakov, Adrian"]
[Black "Jiang, Leo"]
[Result "1/2-1/2"]
[WhiteTitle "CM"]
[WhiteElo "1986"]
[BlackElo "1592"]
[WhiteFideId "30920302"]
[BlackFideId "30952140"]
[EventDate "2020.05.23"]

1. e4 e6 2. d4 d5 3. Nc3 Bb4 4. e5 Ne7 5. a3 Bxc3+ 6. bxc3 c5 7. Qg4 Kf8 8. Ne2
Nbc6 9. f4 Qa5 10. Bd2 Qa4 11. dxc5 Nxe5 12. Qh5 Nc4 13. Nd4 Nxd2 14. Kxd2 Nf5
15. Bb5 Qa5 16. Nxf5 exf5 17. Qe2 Be6 18. Rhb1 d4 19. Rb4 dxc3+ 20. Kxc3 a6 21.
Bd3 Qxc5+ 22. Kb2 Rc8 23. Qe5 Qxe5+ 24. fxe5 Rc7 25. Rd1 g6 26. Be2 Kg7 27. Bf3
Rhc8 28. Rd2 b5 29. Rbd4 a5 30. Bd5 Bxd5 31. Rxd5 Rc5 32. g3 R8c7 33. Kc1 Kf8
34. Rd8+ Ke7 35. Ra8 a4 36. Re2 Rc8 37. Ra6 R8c6 38. Ra7+ Kf8 39. e6 Rxe6 40.
Rxe6 fxe6 41. Rxh7 e5 42. Kd2 Kg8 43. Rb7 f4 44. gxf4 exf4 45. h4 f3 46. Ke3
Rxc2 47. Kxf3 Rc3+ 48. Kg2 Rxa3 49. Rxb5 Kh7 50. h5 gxh5 51. Rxh5+ Kg6 52. Ra5
Ra1 53. Kf3 Kf6 54. Ke3 a3 55. Kd2 a2 56. Kc2 Rh1 57. Rxa2 Rh2+ 58. Kb3 Rxa2 59.
Kxa2 1/2-1/2

[Event "PNWCC Masters 2020"]
[Site "chess.com INT"]
[Date "2020.05.23"]
[Round "2.40"]
[White "Li, David Xinjian"]
[Black "Singh, Hersh"]
[Result "0-1"]
[WhiteElo "1672"]
[BlackElo "1906"]
[WhiteFideId "30926319"]
[BlackFideId "30918804"]
[EventDate "2020.05.23"]

1. d4 d5 2. Nf3 Nf6 3. c4 e6 4. Nc3 Be7 5. cxd5 exd5 6. e3 c6 7. Bd3 O-O 8. Qc2
Bg4 9. Ne5 Bh5 10. O-O Nbd7 11. f4 c5 12. h3 c4 13. Bf5 Bg6 14. Rf3 Bb4 15. Ne2
Nxe5 16. fxe5 Ne4 17. Ng3 Bxf5 18. Nxf5 f6 19. a3 Be7 20. Ng3 Nxg3 21. Rxg3 fxe5
22. dxe5 Qc7 23. Qc3 Bf6 24. Qd4 Qxe5 25. Qg4 Rae8 26. e4 Qxe4 27. Bf4 Bd4+ 28.
Kh1 Qxf4 29. Qxf4 Rxf4 30. Rd1 Rfe4 31. Rg5 R8e5 32. Rxe5 Bxe5 33. g4 d4 34. Kg2
Re2+ 35. Kf3 Re3+ 36. Kg2 Rg3+ 37. Kf2 Rxh3 38. Kg2 Rg3+ 39. Kf2 Rxg4 40. Kf3
Rf4+ 41. Kg2 Re4 42. Kf3 Re3+ 43. Kf2 g6 44. Rd2 h5 45. a4 h4 46. a5 h3 47. a6
bxa6 48. Kg1 h2+ 49. Rxh2 Bxh2+ 50. Kxh2 c3 51. bxc3 dxc3 52. Kg2 c2 53. Kh2
c1=Q 54. Kg2 Qd2+ 55. Kf1 Re1# 0-1

[Event "PNWCC Masters 2020"]
[Site "chess.com INT"]
[Date "2020.05.23"]
[Round "2.41"]
[White "Guha, Eshan"]
[Black "Feng, Andrew"]
[Result "1-0"]
[WhiteElo "1866"]
[BlackElo "1484"]
[WhiteFideId "30958628"]
[BlackFideId "30943256"]
[EventDate "2020.05.23"]

1. d4 d5 2. c4 e6 3. Nf3 Nf6 4. g3 c6 5. Bg2 Nbd7 6. O-O Be7 7. Qc2 O-O 8. Nbd2
b6 9. e4 dxe4 10. Nxe4 Bb7 11. Ne5 Rc8 12. Rd1 Nxe4 13. Bxe4 Nf6 14. Bg2 Qc7 15.
Bf4 Bd6 16. Qe2 Rfd8 17. c5 bxc5 18. dxc5 Bxe5 19. Bxe5 Qe7 20. Bd6 Qe8 21. Rd4
Nd5 22. f4 Ne7 23. g4 Rd7 24. Rad1 Rcd8 25. R1d2 Nc8 26. Qd1 Nxd6 27. Rxd6 Rxd6
28. Rxd6 Rxd6 29. Qxd6 Qf8 30. b4 a6 31. a4 Qc8 32. b5 axb5 33. axb5 cxb5 34.
Bxb7 1-0

[Event "PNWCC Masters 2020"]
[Site "chess.com INT"]
[Date "2020.05.23"]
[Round "2.42"]
[White "Jones, Davey"]
[Black "Zhang, Samuel"]
[Result "0-1"]
[WhiteElo "1593"]
[BlackElo "2033"]
[WhiteFideId "2088053"]
[BlackFideId "30942993"]
[EventDate "2020.05.23"]

1. e4 c5 2. c3 Nf6 3. e5 Nd5 4. d4 e6 5. Nf3 cxd4 6. cxd4 Nc6 7. Bc4 d6 8. Qe2
Be7 9. O-O O-O 10. Qe4 Qc7 11. Bd3 g6 12. Bh6 Rd8 13. a3 b6 14. h4 Bb7 15. h5
dxe5 16. dxe5 Bf8 17. Bxf8 Rxf8 18. Nbd2 Nde7 19. Rac1 Qd7 20. Bb1 Rad8 21. Qf4
Nf5 22. Ne4 Qe7 23. g4 Nfd4 24. Nf6+ Kg7 25. h6+ Kh8 26. Nxd4 Nxd4 27. Qe3 Nf3+
28. Kh1 Nxe5+ 29. f3 Qxf6 30. g5 Ng4 31. Qc3 Qxc3 32. Rxc3 Ne5 33. Kg1 Nxf3+ 34.
Kf2 Nxg5 35. Rc7 Be4 36. Ba2 Bf5 37. Rfc1 e5 38. Rxa7 Rd2+ 39. Ke3 Rxb2 40. Bd5
Rh2 41. Rcc7 Rxh6 42. Rab7 Rd8 43. Bxf7 Rd3+ 44. Kf2 Rh2+ 0-1

[Event "PNWCC Masters 2020"]
[Site "chess.com INT"]
[Date "2020.05.23"]
[Round "2.43"]
[White "Wofford, Matthew"]
[Black "Xu, Jayden"]
[Result "1-0"]
[WhiteElo "1995"]
[BlackElo "1683"]
[WhiteFideId "2095971"]
[BlackFideId "30941423"]
[EventDate "2020.05.23"]

1. e4 c5 2. Nf3 d6 3. d4 cxd4 4. Nxd4 Nf6 5. Nc3 g6 6. Be3 Bg7 7. f3 O-O 8. Qd2
Nc6 9. Bc4 Bd7 10. h4 Na5 11. Bb3 Rb8 12. h5 Nxb3 13. cxb3 Re8 14. hxg6 fxg6 15.
O-O-O b5 16. Kb1 b4 17. Nd5 Nxd5 18. exd5 e5 19. dxe6 Bxe6 20. g4 Qc7 21. Rh3
Rbc8 22. Rdh1 h5 23. R3h2 hxg4 24. Nxe6 Rxe6 25. Bd4 gxf3 26. Rh8+ Kf7 27. Bxg7
Kxg7 28. R1h7+ 1-0

[Event "PNWCC Masters 2020"]
[Site "chess.com INT"]
[Date "2020.05.23"]
[Round "2.44"]
[White "Ho, Carter"]
[Black "Nguyen, Thanh Thuy Tien"]
[Result "0-1"]
[BlackTitle "WIM"]
[WhiteElo "1415"]
[BlackElo "1971"]
[WhiteFideId "30965292"]
[BlackFideId "12400998"]
[EventDate "2020.05.23"]

1. e4 c5 2. Nf3 d6 3. d4 cxd4 4. Nxd4 Nf6 5. Nc3 a6 6. f3 e6 7. Be3 b5 8. Qd2
Bb7 9. O-O-O Nbd7 10. g4 Nb6 11. g5 Nfd7 12. h4 Rc8 13. Kb1 b4 14. Nce2 Nc4 15.
Qc1 Ndb6 16. Bh3 Qc7 17. Bd2 d5 18. Nf4 dxe4 19. fxe4 Na4 20. Nd3 Qb6 21. Nb3
Bxe4 22. Rdf1 Naxb2 23. Nxb2 Na3+ 24. Ka1 Nxc2+ 25. Kb1 Nd4+ 26. Ka1 Nxb3+ 27.
axb3 Qa5+ 28. Na4 Rxc1+ 29. Rxc1 Bxh1 30. Rxh1 Qd5 0-1

[Event "PNWCC Masters 2020"]
[Site "chess.com INT"]
[Date "2020.05.23"]
[Round "2.45"]
[White "Li, Thomas"]
[Black "Levine, Owen"]
[Result "1-0"]
[WhiteElo "1822"]
[BlackElo "1574"]
[WhiteFideId "30957621"]
[BlackFideId "30970423"]
[EventDate "2020.05.23"]

1. e4 c5 2. Nc3 d6 3. f4 Nc6 4. Nf3 e6 5. Bc4 a6 6. a4 Nf6 7. d4 cxd4 8. Nxd4
Be7 9. Be3 O-O 10. O-O Bd7 11. f5 Nxe4 12. fxe6 Nxc3 13. exf7+ Kh8 14. bxc3 Ne5
15. Ne6 Bxe6 16. Bxe6 Bf6 17. Qh5 Qe7 18. Qh3 Nxf7 19. Bf5 h6 20. Bf4 Ng5 21.
Qg4 Bxc3 22. Rad1 Rad8 23. h4 Ne4 24. Qg6 Nf6 25. Rf3 Bb4 26. Bg5 Qf7 27. Qxf7
Rxf7 28. Bg6 Rff8 29. Bf4 d5 30. g3 Ne4 31. Kg2 Nc3 32. Rd4 a5 33. Rdd3 Nxa4 34.
Bc7 Rc8 35. Rxf8+ Rxf8 36. Rxd5 b6 37. h5 Nc3 38. Rd7 Na4 39. Be5 Bc3 40. Bd6
Rc8 41. g4 Bf6 42. Rf7 Kg8 43. Rb7 Rd8 44. Bc7 Ra8 45. Bd6 Bd4 46. Bf7+ Kh8 47.
Bg6 Nc3 48. Rd7 a4 49. Ba3 Bf6 50. Bd3 Nb1 51. Bc1 a3 52. Bxa3 Nxa3 53. Rb7 Bd4
54. Kf3 Kg8 55. Bg6 b5 56. Ke4 Bc5 57. Kd5 Bf8 58. Ke6 b4 59. Bf7+ Kh8 60. Kf5
Nxc2 61. Kg6 Ne3 62. Be6 Ra6 63. Kf7 Ra8 64. Kg6 Bd6 65. Rxg7 Ra7 66. Rg8# 1-0

[Event "PNWCC Masters 2020"]
[Site "chess.com INT"]
[Date "2020.05.23"]
[Round "2.46"]
[White "Wilson, Ronen"]
[Black "Yang, Maxwell"]
[Result "1-0"]
[WhiteElo "1909"]
[BlackElo "1075"]
[WhiteFideId "30926173"]
[BlackFideId "30965268"]
[EventDate "2020.05.23"]

1. e4 c5 2. Nf3 d6 3. d4 cxd4 4. Nxd4 Nf6 5. Nc3 a6 6. Bg5 e6 7. f4 Nbd7 8. Qf3
Qc7 9. O-O-O Be7 10. Bd3 b5 11. Rhe1 Bb7 12. Qg3 h6 13. Bh4 Nh5 14. Qg4 Nxf4 15.
Qxf4 g5 16. Qf2 gxh4 17. Nf3 Qc5 18. Qe2 Nb6 19. e5 d5 20. a3 Rc8 21. Nd4 Nc4
22. Bxc4 Qxc4 23. Rd3 Rg8 24. Rf1 Rg7 25. Qh5 Rc7 26. Nxe6 Bg5+ 27. Kb1 Rg6 28.
Nxc7+ Qxc7 29. Nxd5 Qc4 30. Rfd1 Kf8 31. Qf3 Re6 32. Rc3 Bxd5 33. Rxd5 Qf4 34.
Qxf4 Bxf4 35. h3 Bxe5 36. Re3 Bxb2 37. Rxe6 fxe6 38. Rd6 Bxa3 39. Rxa6 Be7 40.
Rxe6 Bg5 41. Rb6 Ke7 42. Rxb5 Kd6 43. c4 Be3 44. Kc2 Bf4 45. Kd3 Bg5 46. Ke4 Bd2
47. Rh5 Bg5 48. Kf5 Kc5 49. Rxg5 hxg5 50. Kxg5 Kxc4 51. Kxh4 Kd5 52. Kg5 Ke6 53.
Kg6 Ke7 54. Kg7 Ke6 55. g4 Ke5 56. h4 Kf4 57. h5 Kxg4 58. h6 Kf4 59. h7 Ke5 60.
h8=Q Kd5 61. Qe8 Kd4 62. Qe6 Kc5 63. Qd7 Kc4 64. Qd6 Kc3 65. Qd5 Kb4 66. Qc6 Kb3
67. Qc5 Kb2 68. Qc4 Kb1 69. Qe2 Kc1 70. Kf6 Kb1 71. Ke5 Kc1 72. Kd4 Kb1 73. Kc3
Ka1 74. Qb2# 1-0

[Event "PNWCC Masters 2020"]
[Site "chess.com INT"]
[Date "2020.05.23"]
[Round "2.47"]
[White "Harish, Neeraj"]
[Black "Modi, Ethan"]
[Result "0-1"]
[WhiteElo "1472"]
[BlackElo "1786"]
[WhiteFideId "30958130"]
[BlackFideId "30960592"]
[EventDate "2020.05.23"]

1. e4 c5 2. Nf3 e6 3. d4 cxd4 4. Nxd4 a6 5. Bd3 Nf6 6. Qe2 d6 7. O-O Qc7 8. c4
g6 9. Nc3 Bg7 10. Be3 O-O 11. f3 Nc6 12. Nc2 Bd7 13. Rfd1 Rfe8 14. Qf2 Ne5 15.
Bb6 Qc6 16. b3 Nfg4 17. fxg4 Nxg4 18. Qd2 Qxb6+ 19. Kf1 Bxc3 0-1

[Event "PNWCC Masters 2020"]
[Site "chess.com INT"]
[Date "2020.05.23"]
[Round "3.1"]
[White "Xiong, Jeffery"]
[Black "Predojevic, Borki"]
[Result "1/2-1/2"]
[WhiteTitle "GM"]
[BlackTitle "GM"]
[WhiteElo "2709"]
[BlackElo "2601"]
[WhiteFideId "2047640"]
[BlackFideId "930849"]
[EventDate "2020.05.23"]

1. d4 d6 2. Nf3 Nf6 3. c4 g6 4. Nc3 Bf5 5. g3 Ne4 6. Nxe4 Bxe4 7. Bh3 Bg7 8. O-O
O-O 9. d5 Bxf3 10. exf3 c6 11. Be3 Nd7 12. Qe2 Re8 13. Rfd1 a6 14. Rab1 Qc7 15.
f4 Rab8 16. b4 Nf6 17. Qd3 a5 18. b5 c5 19. b6 Qd8 20. Bd2 Ra8 21. a4 Nd7 22.
Qb3 Bd4 23. Qb5 Nf6 24. Re1 Ra6 25. Re2 Kg7 26. Kg2 h6 27. Rb3 Kf8 28. Re1 Kg7
29. Rbb1 Rf8 30. Qb3 Re8 31. Re2 Nd7 32. Qc2 Nxb6 33. Rb5 Ra7 34. Qb3 Nd7 35.
Rxb7 Rxb7 36. Qxb7 Nf6 37. Qb5 Qa8 38. Qxa5 Qxa5 39. Bxa5 Ra8 40. Bc7 Rxa4 41.
Rxe7 Kg8 42. Bxd6 Rxc4 43. Be5 Bxe5 44. Rxe5 Rd4 45. d6 Rxd6 46. Rxc5 Rd2 47.
Re5 h5 48. Bc8 Kg7 49. Ba6 Ra2 50. Bc4 Rc2 51. Bf1 Ng4 52. Re2 Rc1 53. h3 Nh2
54. Kxh2 Rxf1 1/2-1/2

[Event "PNWCC Masters 2020"]
[Site "chess.com INT"]
[Date "2020.05.23"]
[Round "3.2"]
[White "Bernadskiy, Vitaliy"]
[Black "Vitiugov, Nikita"]
[Result "0-1"]
[WhiteTitle "GM"]
[BlackTitle "GM"]
[WhiteElo "2629"]
[BlackElo "2722"]
[WhiteFideId "14100371"]
[BlackFideId "4152956"]
[EventDate "2020.05.23"]

1. e4 e6 2. d4 d5 3. Nc3 Nf6 4. e5 Nfd7 5. f4 c5 6. Nf3 Nc6 7. Be3 a6 8. a3 Qb6
9. Na4 Qa5+ 10. c3 c4 11. b4 cxb3 12. Qxb3 b5 13. Nb2 Nb6 14. Be2 Nc4 15. Nxc4
bxc4 16. Qc2 Rb8 17. Nd2 Be7 18. O-O O-O 19. g4 f6 20. exf6 Bxf6 21. h4 Bd7 22.
h5 Be7 23. Bf3 Bd6 24. Bg2 Qc7 25. f5 Ne7 26. Rae1 exf5 27. Bg5 Rbe8 28. h6 gxh6
29. Bxh6 Rf6 30. g5 Rf7 31. Nf3 Ng6 32. Rxe8+ Bxe8 33. Ne5 Bxe5 34. Bxd5 Bc6 35.
Bxf7+ Qxf7 36. dxe5 Qd5 37. Qh2 Nxe5 38. Qg3 Qe4 39. Kh2 f4 40. Qh3 Qe2+ 41. Kg1
Nf3+ 42. Rxf3 Bxf3 43. Qc8+ Kf7 44. Qf5+ Ke8 45. Qc8+ Ke7 46. Qc7+ Ke6 47. Qc8+
Ke5 48. Qe8+ Kf5 49. Qxe2 Bxe2 50. Kf2 Bh5 51. Kg2 Kg4 52. Kf2 Bg6 53. Kg2 Kf5
54. Kf3 Bh5+ 55. Kf2 Ke4 56. Bf8 a5 57. Bc5 Kd3 58. Bb6 Kxc3 59. Bxa5+ Kd3 60.
Bc7 Ke4 61. Ba5 Be8 62. Bd2 Kf5 63. Bc3 Kxg5 64. Kf3 Bc6+ 65. Kf2 0-1

[Event "PNWCC Masters 2020"]
[Site "chess.com INT"]
[Date "2020.05.23"]
[Round "3.3"]
[White "Oparin, Grigoriy"]
[Black "Lintchevski, Daniil"]
[Result "1-0"]
[WhiteTitle "GM"]
[BlackTitle "GM"]
[WhiteElo "2652"]
[BlackElo "2559"]
[WhiteFideId "24125890"]
[BlackFideId "4171055"]
[EventDate "2020.05.23"]

1. Nf3 d5 2. g3 c6 3. Bg2 Bg4 4. O-O Nd7 5. d3 Ngf6 6. c4 Bxf3 7. Bxf3 dxc4 8.
dxc4 Ne5 9. Nd2 Nxf3+ 10. Nxf3 e6 11. Qc2 Be7 12. Rd1 Qc8 13. e4 O-O 14. e5 Nd7
15. Bg5 Re8 16. Bxe7 Rxe7 17. Rd6 Qc7 18. Rad1 f6 19. exf6 Nxf6 20. c5 Rae8 21.
b4 a5 22. a3 axb4 23. axb4 Qc8 24. Re1 e5 25. Qc4+ Nd5 26. b5 h6 27. bxc6 bxc6
28. Qa4 e4 29. Nd4 e3 30. f3 Nf6 31. Rxc6 Rc7 32. Rxc7 Qxc7 33. c6 Kh8 34. Qc4
Qe5 35. Ne2 Rc8 36. Nf4 Qd6 37. Rc1 g5 38. Qe6 Qxe6 39. Nxe6 g4 40. Kg2 Kg8 41.
Nd4 Kf7 42. Nf5 Ke6 43. Nxe3 h5 44. fxg4 hxg4 45. Rc4 Rg8 46. c7 Kd7 47. Nxg4 1-0

[Event "PNWCC Masters 2020"]
[Site "chess.com INT"]
[Date "2020.05.23"]
[Round "3.4"]
[White "Sevian, Samuel"]
[Black "Tran, Tuan Minh"]
[Result "1-0"]
[WhiteTitle "GM"]
[BlackTitle "GM"]
[WhiteElo "2660"]
[BlackElo "2518"]
[WhiteFideId "2040506"]
[BlackFideId "12401820"]
[EventDate "2020.05.23"]

1. e4 c5 2. Nf3 d6 3. d4 cxd4 4. Nxd4 Nf6 5. Nc3 a6 6. Qd3 g6 7. Be2 Bg7 8. Bg5
Nbd7 9. O-O-O O-O 10. f4 h6 11. Bh4 e5 12. fxe5 dxe5 13. Nb3 b5 14. Nc5 Qa5 15.
Nxd7 Nxd7 16. Kb1 Nb6 17. Be1 b4 18. Qd6 Bb7 19. Nd5 Nxd5 20. exd5 Rfd8 21. Qxb4
Qxb4 22. Bxb4 a5 23. Ba3 Bxd5 24. Rhg1 h5 25. g3 Bf8 26. Bxf8 Kxf8 27. b3 Ke7
28. c4 Be4+ 29. Kb2 f5 30. Kc3 g5 31. a3 g4 32. Rxd8 Rxd8 33. c5 f4 34. gxf4
exf4 35. Re1 Kf6 36. Bxg4 hxg4 37. Rxe4 Kf5 38. Rd4 Rd7 39. Rxd7 1-0